Hemingway, the critical heritage /

Bibliographic Details
Other Authors: Meyers, Jeffrey
Format: Book
Language:English
Published: London ; Boston : Routledge & Kegan Paul, 1982.
Series:Critical heritage series.
Subjects:

MARC

Tag First Indicator Second Indicator Subfields
LEADER 00000pam a2200000 a 4500
001 in00000090063
005 20151008065538.0
008 811116s1982 enk b 00100 eng
010 |a  81020998  
020 |a 0710009291 :  |c $36.00 
035 |a (OCoLC)07999388 
035 |9 AAK6146AM 
039 0 |a 2  |b 3  |c 3  |d 3  |e 3 
040 |a DLC  |c DLC  |d TXA  |d UtOrBLW 
049 |a TXAM  |c [1561207] 
050 0 0 |a PS3515 E37  |b  Z6196 1982 
082 0 |a 813/.52  |2 19 
245 0 0 |a Hemingway, the critical heritage /  |c edited by Jeffrey Meyers. 
264 1 |a London ;  |a Boston :  |b Routledge & Kegan Paul,  |c 1982. 
300 |a xvi, 611 pages ;  |c 23 cm. 
336 |a text  |b txt  |2 rdacontent 
337 |a unmediated  |b n  |2 rdamedia 
338 |a volume  |b nc  |2 rdacarrier 
490 1 |a Critical heritage series 
500 |a Includes index. 
504 |a Bibliography: pages 592-594. 
600 1 0 |a Hemingway, Ernest,  |d 1899-1961  |x Criticism and interpretation. 
700 1 |a Meyers, Jeffrey. 
830 0 |a Critical heritage series. 
999 |a MARS 
999 f f |s fd32b185-a2f0-39ad-a1d0-c873dca63ea8  |i 0581992e-6453-3b4a-ba49-d69f68df8ff3  |t 0 
952 f f |p ric  |a Texas A&M University  |b Rellis Campus  |c Joint Library Facility  |d Remote Storage  |t 0  |e PS3515 E37 Z6196 1982  |h Library of Congress classification  |i unmediated -- volume  |m A14805979633 
998 f f |a PS3515 E37 Z6196 1982  |t 0  |l Remote Storage